000 00849nas a2200277 4500
001 BR0201950
003 BR-BrBNA
005 20231205102859.0
007 ta
008 230509b bl.|||p| |||| 00| 00por d
040 _aBR-BrBNA
_bpor
_cBiblioteca Nacional de Agricultura
041 _a(Pt)
072 _aN20
100 1 _aSouza, C.M.A. de
100 1 _aQueiroz, D.M. de
100 1 _aCecon, P.R.
100 1 _aMantovani, E.C.
245 1 _aAvaliação de perdas em uma colhedora de fluxo axial para feijão
650 _aFEIJÃO
650 _aCOLHEITADEIRA
650 _aCOLHEITA MECÂNICA
650 _aDANO MECÂNICO
773 0 _tRevista Brasileira de Engenharia Agrícola e Ambiental (Brazil)
_xISSN 1415-4366
_g(Sep-Dec 2001), v. 5(3) p. 530-537
_wBR0201950
909 _a202311
_bLúcia
_c55
_dLúcia Elande
942 _2AGRIS
_n0
_cANA
999 _c169860
_d169860